| 000 | 00630cam a22002291 4500 | ||
|---|---|---|---|
| 001 | sa 67001534 | ||
| 003 | DLC | ||
| 005 | 20260227112323.0 | ||
| 008 | 891030s1964 ii 000 1 hino | ||
| 010 | _asa 67001534 | ||
| 035 | _a(OCoLC)20572091 | ||
| 040 |
_aDLC _cWaU _dNRU _dDLC |
||
| 042 | _apremarc | ||
| 050 | 0 | 0 |
_aPK2098.B295 _bD8 |
| 100 | 1 |
_aBaijal, Shiam Narain, _d1913- |
|
| 245 | 1 | 0 |
_aDulahina kī bāta. _cLekhaka Śyāmanārāyaṇa Baijala. |
| 250 | _a[1. saṃskaraṇa] | ||
| 260 |
_aBarelī, _bPārvatī Prakāśana _c[1964?] |
||
| 300 |
_a134 p. _c20 cm. |
||
| 500 | _aIn Hindi. | ||
| 500 | _aShort stories. | ||
| 999 |
_c72700 _d72700 |
||